Adventure stories : (Record no. 8559)

MARC details
000 -LEADER
fixed length control field 01652cam a22003494a 4500
001 - CONTROL NUMBER
control field 8559
003 - CONTROL NUMBER IDENTIFIER
control field FISKH
005 - DATE AND TIME OF LATEST TRANSACTION
control field 20250930085231.0
008 - FIXED-LENGTH DATA ELEMENTS--GENERAL INFORMATION
fixed length control field 100920s2010 nyua j 000 1 eng
010 ## - LIBRARY OF CONGRESS CONTROL NUMBER
LC control number 2010502463
020 ## - INTERNATIONAL STANDARD BOOK NUMBER
International Standard Book Number 9780312508470
Qualifying information board bk.
020 ## - INTERNATIONAL STANDARD BOOK NUMBER
International Standard Book Number 0312508476
Qualifying information board bk.
040 ## - CATALOGING SOURCE
Original cataloging agency DLC
Transcribing agency DLC
Modifying agency DLC
Language of cataloging eng
042 ## - AUTHENTICATION CODE
Authentication code pcc
050 ## - LIBRARY OF CONGRESS CALL NUMBER
Classification number PZ7.E2546 A
082 ## - DEWEY DECIMAL CLASSIFICATION NUMBER
Classification number 823
100 1# - MAIN ENTRY--PERSONAL NAME
Personal name Priddy, Roger
245 10 - TITLE STATEMENT
Title Adventure stories :
Remainder of title With read-along CD /
Statement of responsibility, etc. [illustrated by Holly Russell ; stories retold by Hermione Edwards].
260 ## - PUBLICATION, DISTRIBUTION, ETC.
Place of publication, distribution, etc. New York :
Name of publisher, distributor, etc. Priddy Books,
Date of publication, distribution, etc. 2010.
300 ## - PHYSICAL DESCRIPTION
Extent 28 unnumbered pages :
Other physical details color illustrations ;
Dimensions 25 cm +
Accompanying material 1 sound disc (digital ; 4 3/4 in.)
500 ## - GENERAL NOTE
General note "With a read-along audio CD."--P. [1] of cover.
505 0# - FORMATTED CONTENTS NOTE
Formatted contents note The lost world -- Around the world in eighty days -- Treasure Island.
520 ## - SUMMARY, ETC.
Summary, etc. * Embossed, illustrated pages feature three, classic, gripping adventure stories to thrill boys: The Lost World, Treasure Island and Around the World in Eighty Days * Specially recorded audio cd has spoken versions of each story, which children can listen to and follow in the book * Multi-sensory title which encourages reading, speaking and listening skills, while embossed pages are fun to touch and feel
650 #0 - SUBJECT ADDED ENTRY--TOPICAL TERM
Topical term or geographic name entry element Board books.
700 1# - ADDED ENTRY--PERSONAL NAME
Personal name Russell, Holly.
700 1# - ADDED ENTRY--PERSONAL NAME
Personal name Doyle, Arthur Conan,
Dates associated with a name 1859-1930.
Title of a work Lost world.
700 1# - ADDED ENTRY--PERSONAL NAME
Personal name Verne, Jules,
Dates associated with a name 1828-1905.
Title of a work Tour du monde en quatre-vingts jours.
700 1# - ADDED ENTRY--PERSONAL NAME
Personal name Stevenson, Robert Louis,
Dates associated with a name 1850-1894.
Title of a work Treasure Island.
906 ## - LOCAL DATA ELEMENT F, LDF (RLIN)
a 7
b cbc
c orignew
d 2
e ncip
f 20
g y-gencatlg
942 ## - ADDED ENTRY ELEMENTS (KOHA)
Source of classification or shelving scheme Dewey Decimal Classification
Koha item type Books
Suppress in OPAC No
Holdings
Withdrawn status Lost status Source of classification or shelving scheme Damaged status Not for loan Collection Home library Current library Shelving location Date acquired Total Checkouts Full call number Barcode Date last seen Copy number Price effective from Koha item type
    Dewey Decimal Classification     Juvenile Fiction Footprints International School Library Network Toul Kork Campus Footprints International School Library Network Toul Kork Campus Librarian's Shelf TK 09/30/2025   PRI 823 PZ7.E2546 A 2025-4443 09/30/2025 1 09/30/2025 Books